Najgestsze miasta w Polsce - Statystyki

Ogólne statystyki
  • Ten quiz został rozwiązany 22 razy
  • Średni wynik to 3 z 10
Statystyki odpowiedzi
Gęstość Odpowiedź % Poprawnych
3 599 os/km2 Warszawa
95%
3 037 os/km2 Chorzów
50%
3 407 os/km2 Pruszków
25%
3 432 os/km2 Świętochłowice
25%
3 891 os/km2 Legionowo
15%
3 203 os/km2 Piaseczno
15%
4 116 os/km2 Ząbki
15%
3 985 os/km2 Piastów
10%
3 450 os/km2 Swarzędz
10%
3 031 os/km2 Mińsk Mazowiecki
5%
Nie znaleziono quizów pasujących do podanych kryteriów
Rozkład punktacji
Procent ludzi z każdym wynikiem
Percentyl według liczby udzielonych odpowiedzi
Twoja historia wyników
Nie rozwiązałeś tego quizu